[Fabian Frommelt (Hrsg), Zwangsadministration]
| Titel: | [Fabian Frommelt (Hrsg), Zwangsadministration] / Dietmar Willoweit |
|---|---|
| Verfasser: | |
| In: |
Zeitschrift für neuere Rechtsgeschichte, Band 39, Heft 1/2 (2017), Seite 114-115 alle Artikel anzeigen |
| Veröffentlicht: | 2017 |
| Format: | Aufsatz |
| Sprache: | Deutsch |
X
alg: 42651029 001A $03025:19-02-18 001B $01999:18-03-23 $t01:50:13.000 001C $03025:19-02-18 $t09:29:56.000 001D $03025:19-02-18 001U $0utf8 001X $00 002@ $0Aou 002C $aText $btxt $2rdacontent 002D $aohne Hilfsmittel zu benutzen $bn $2rdamedia 002E $aBand $bnc $2rdacarrier 003@ $0426510291 007A $0426510291 $aHEB 010@ $ager 010E $erda 011@ $a2017 013D $#Newspapers Sections, columns, etc. Reviews $#Book reviewing $#Journaux Cahiers, chroniques, etc. Comptes rendus $#Livres Recension $#Rezension $#Buchbesprechung $#Buchrezension $#Buchkritik $74049712-4 $8Rezension [Ts1] $9085138568 021A $a[Fabian Frommelt (Hrsg), Zwangsadministration] $hDietmar Willoweit 028A $BVerfasser $#Willoweit, Dieter $4aut $7120873818 $8Willoweit, Dietmar$Z1936-2023 [Tp1] $9123893267 031A $d39 $e1/2 $h114-115 $j2017 039B $aEnthalten in $8--Abvc--. Zeitschrift für neuere Rechtsgeschichte. - Wien : Manz, 1979-. - ISSN 0250-6459 $x201700000390001886 $9048077585 039T $8--Aau--. Zwangsadministrationen. - Berlin : Duncker & Humblot, 2014. - 362 Seiten. - Illustrationen, Karten. - ISBN 3-428-14229-2 $9334707552 045T $aINTRECHT $qDE-1a $2FID 045T $a2 lok: 42651029 78 exp: 42651029 78 1 #EPN 201B/01 $019-02-18 $t09:29:56.000 201C/01 $019-02-18 201U/01 $0utf8 203@/01 $01018284206 208@/01 $a19-02-18 $be 209A/01 $a/ $f000 $x00 209A/01 $ab*p $x01 220C/01 $apgar 247C/01 $82080>Marburg/Lahn, Herder-Institut, Forschungsbibliothek, Bibliographieportal $9336309341
| LEADER | 00000caa a2200000 c 4500 | ||
|---|---|---|---|
| 001 | 426510291 | ||
| 003 | DE-603 | ||
| 005 | 20230318015013.0 | ||
| 007 | tu | ||
| 008 | 180219s2017 xx |||| | u00||u|ger c | ||
| 035 | |a (DE-599)HEB426510291 | ||
| 040 | |a DE-603 |b ger |c DE-603 |d DE-603 |e rda | ||
| 041 | |a ger | ||
| 084 | |a INTRECHT |q DE-1a |2 fid | ||
| 084 | |a 2 |2 ssgn | ||
| 100 | 1 | |a Willoweit, Dietmar |d 1936-2023 |e Verfasser |4 aut |0 (DE-603)123893267 |0 (DE-588)120873818 |2 gnd | |
| 245 | 0 | 0 | |a [Fabian Frommelt (Hrsg), Zwangsadministration] |c Dietmar Willoweit |
| 264 | 0 | |c 2017 | |
| 336 | |a Text |b txt |2 rdacontent | ||
| 337 | |a ohne Hilfsmittel zu benutzen |b n |2 rdamedia | ||
| 338 | |a Band |b nc |2 rdacarrier | ||
| 655 | 7 | |a Rezension |2 gnd-content |0 (DE-588)4049712-4 |0 (DE-603)085138568 | |
| 773 | 0 | 8 | |i Enthalten in |t Zeitschrift für neuere Rechtsgeschichte |d Wien : Manz, 1979- |x 0250-6459 |g Band 39, Heft 1/2 (2017), Seite 114-115 |w (DE-603)048077585 |w (DE-600)800888-7 |
| 787 | 0 | 8 | |i Rezension von |t Zwangsadministrationen |d Berlin : Duncker & Humblot, 2014 |h 362 Seiten, Illustrationen, Karten |z 3428142292 |z 3428542290 |z 9783428142293 |z 9783428542291 |w (DE-603)334707552 |
| 924 | 0 | |9 2080 |a (DE-603)1018284206 |b DE-2080 |c HES |d d |g / | |


